000 00519nam a22001577a 4500
999 _c533971
_d533971
020 _qHard Cover.
082 _a660.01
100 _aGillani, Syeda Wajeeha
245 _aIn silico analysis of Tomato Leaf Curl New Delhi Virus /
_cSyeda Wajeeha Gillani.
260 _aIslamabad :
_bASAB - NUST,
_c2017.
300 _ag, 123 p. : ill. ;
_c30cm.
942 _2ddc
_cTHE
650 _aPlant Biotechnology MS-Thesis.
_928032
700 _aDr. Muhammad Tahir.
_919262